Obras completas [de Georges Simenon] /

Georges Simenon (Bélgica, 1903 - Suiza, 1989), novelista francés de origen belga. Autor de más de 500 novelas, Simenon es reconocido principalmente por sus narraciones policíacas sobre el comisario Maigret (alrededor de 80 títulos). La crítica considera que hace un abordaje creativo del mundo del cr...

Descripción completa

Guardado en:
Detalles Bibliográficos
Autor principal: Simenon, Georges (autor)
Otros autores: Sáinz de Robles, Federico Carlos (prólogo) (prólogo)
Formato: Libro
Idioma:Español
Publicado: Madrid, España : Aguilar, 1972, c1972
Temas:
Etiquetas: Agrega una etiqueta
Sin etiquetas, Sé el primero en etiquetar este registro!

MARC

LEADER 00000nam^a2200000^a^4500
001 000275743
005 20250521000000.0
009 20260310111242.015
020 |a 84-8310-019-3 
037 |a Acervo Xavier Clavigero 
041 |a ESP 
082 |a 843.  |b SIM 
100 |a Simenon, Georges  |e (autor) 
240 1 1 |a [Obras completas de Georges Simenon] 
240 1 4 |a [El testamento Donadieu] 
240 1 1 |a [Alunamiento] 
240 1 1 |a [Domingo, de Georges Simenon] 
240 1 5 |a [Los fantasmas del sombrerero] 
240 1 4 |a [La puerta, de Georges Simenon] 
240 1 4 |a [El tiempo de Anaïs] 
245 1 0 |a Obras completas [de Georges Simenon] /  |c G. Simenon ; pról. de F.C. Sáinz de Robles ; tr. por Luis Hernández Alfonso, Caridad Díaz-Faes, Manuel Parra Illera. 
264 4 |a Madrid, España :  |b Aguilar,  |c 1972, c1972 
300 |a 1124 p. 
336 |a texto  |b txt  |2 rdacontenido 
337 |a sin mediación  |b n  |2 rdamedio 
338 |a volumen  |b nc  |2 rdasoporte 
500 |a Traducción de: Le testament Donadieu, Le coup de lune, Dimanche, Los fantasmas del sombrerero, La porte, Le temps d'Anaïs 
520 |a Georges Simenon (Bélgica, 1903 - Suiza, 1989), novelista francés de origen belga. Autor de más de 500 novelas, Simenon es reconocido principalmente por sus narraciones policíacas sobre el comisario Maigret (alrededor de 80 títulos). La crítica considera que hace un abordaje creativo del mundo del crimen, incorporando la perspectiva más humana, con personajes normales, que expresan el gran fresco de la diversidad social. Escribió también más de cien novelas que no son de género y numerosas novelas populares. Entre sus mejores títulos se encuentran Una confidencia de Maigret, El ahorcado de Saint Polien, Maigret duda, El hombre que miraba pasar los trenes, Maigret y el vendedor de vino, y La extraña sirvienta. 
649 |a XX 
650 |a Novela Francesa 
650 |a Literatura Francesa -  |y Siglo XX 
650 |a Literatura Policíaca y de Misterio -  |z Francia 
740 3 |a El testamento Donadieu /  |c G. Simenon ; tr. por Luis Hernández Alfonso. 
740 0 |a Alunamiento /  |c G. Simenon ; tr. por Luis Hernández Alfonso. 
740 0 |a Dimanche /  |c G. Simenon ; tr. por Caridad Díaz-Faes. 
740 4 |a Los fantasmas del sombrerero /  |c G. Simenon ; tr. por Manuel Parra Illera. 
740 3 |a La puerta /  |c G. Simenon ; tr. por Manuel Parra Illera. 
740 3 |a El tiempo de Anaïs /  |c G. Simenon ; tr. por Manuel Parra Illera. 
700 |a Sáinz de Robles, Federico Carlos  |e (prólogo) 
910 |a Fondo General 
920 |a Impresos - Libros 
930 |a Colección General 
940 |a Literatura 
905 |a 101 
901 |a 042582  |b IT1  |c LIT  |u 20250521 
902 |a https://opac.biblio.iteso.mx/vufind/Record/000275743